Statystyki dla Słowa z "man"

Kliknij tutaj aby rozwiązać quiz!

Ogólne statystyki

  • Ten quiz został rozwiązany 20 razy
  • Średni wynik to 5 z 30

Statystyki odpowiedzi

#Odpowiedź% Poprawnych
mania
56%
manna
50%
maniak
33%
.mankiet
33%
manto
33%
manewr
28%
mandarynka
22%
mango
22%
manicure
22%
tuman
22%
manga
17%
maniera
17%
manta
17%
manat
11%
mandala
11%
manufaktura
11%
erotoman
6%
łamanie
6%
manager
6%
manekin
6%
manifest
6%
mankament
6%
romans
6%
romantyk
6%
załamanie
6%
złamanie
6%
maneż
0%
mangusta
0%
manowiec
0%
narkoman
0%

Rozkład punktacji

Percentyl według liczby udzielonych odpowiedzi

Procent ludzi z każdym wynikiem

Twoja historia wyników

Nie rozwiązałeś tego quizu